Diseño de concreto reforzado (Registro nro. 21557)
[ vista simple ]
| 000 -Cabecera | |
|---|---|
| Campo de control interno | 00470nam a22002057a 4500 |
| 005 - Fecha y hora del registro | |
| control field | 20260314104849.0 |
| 008 - Elementos de Longitud Fija | |
| fixed length control field | 260314b |||||||| |||| 00| 0 spa d |
| 041 ## - Idioma | |
| Codigo Idioma | ESP |
| 082 ## - DEWEY y NOTACIÓN INTERNA | |
| Dewey | 624.1834 |
| Notación Interna | M12 |
| 100 ## - AUTOR | |
| Autor denominación | McCormac, Jack C. |
| 245 ## - TÍTULO DE MATERIAL BIBLIOGRÁFICO | |
| Título | Diseño de concreto reforzado |
| 260 ## - CIUDAD, EDITORIAL, AÑO | |
| Ciudad | : |
| Nombre de la Editorial | , |
| Año | 2011 |
| 300 ## - DESCRIPCIÓN | |
| N° Páginas | 000 páginas : |
| Otros detalles | ; |
| Dimensiones | 00 cm. |
| 440 ## - MENCIÓN DE SERIE | |
| Título de la Serie | ; |
| 650 ## - TEMAS | |
| Temas | Generalidades |
| 654 ## - PROGRAMAS | |
| Programa | Dpto. de Ingeniería Civil |
| 700 ## - OTROS AUTORES | |
| Otros autores | ; |
| 942 ## - ELEMENTOS DE KOHA | |
| Tipo de documento | Libro |
| Nombre del creador | Justo Noguera |
| Código de catalogador | Justo Noguera |
| Esquema de clasificación | Dewey Decimal Classification |
| Codigo completo | Registro | Colección | Copia número | Disponibilidad | Tipo de préstamo | Biblioteca Actual | Procedencia (Biblioteca) | Ubicacón | Fecha Ingreso | Tipo de Adquisición | Date last seen | Total checkouts | Date last checked out | Price effective from | Tipo de Item | Estado del Material | Fuente de Clasificación | Damaged status | Withdrawn status |
|---|---|---|---|---|---|---|---|---|---|---|---|---|---|---|---|---|---|---|---|
| 624.1834 M12 | 1015453 | Universidad Católica San Pablo | 1 | Disponible | Disponible | Víctor Andrés Belaunde | Víctor Andrés Belaunde | Segundo piso | 14/03/2026 | Compra | 24/03/2026 | 1 | 23/03/2026 | 14/03/2026 | Libro | Bueno | Dewey Decimal Classification | ||
| 624.1834 M12 | 1037323 | Universidad Católica San Pablo | 2 | Disponible | Disponible | Víctor Andrés Belaunde | Víctor Andrés Belaunde | Segundo piso | 17/03/2026 | Compra | 17/03/2026 | 17/03/2026 | Libro | Bueno | Dewey Decimal Classification | ||||
| 624.1834 M12 2018 | 1065155 | Universidad Católica San Pablo | 3 | Disponible | Disponible | Víctor Andrés Belaunde | Víctor Andrés Belaunde | Segundo piso | 17/03/2026 | Compra | 17/03/2026 | 17/03/2026 | Libro | Bueno | Dewey Decimal Classification | ||||
| 624.1834 M12 2018 | 1070854 | Universidad Católica San Pablo | 4 | Disponible | Disponible | Víctor Andrés Belaunde | Víctor Andrés Belaunde | Segundo piso | 17/03/2026 | Compra | 27/04/2026 | 1 | 24/04/2026 | 17/03/2026 | Libro | Bueno | Dewey Decimal Classification | ||
| 624.1834 M12 | 1070855 | Universidad Católica San Pablo | 5 | Disponible | Disponible | Víctor Andrés Belaunde | Víctor Andrés Belaunde | Segundo piso | 17/03/2026 | Compra | 17/03/2026 | 17/03/2026 | Libro | Bueno | Dewey Decimal Classification |




